00412 a2200157 4500003000400000005001700004008004100021020001800062040000900080082002000089100002000109245007700129250001200206260002600218300001000244OSt20231205101647.0231205b |||||||| |||| 00| 0 eng d a9789395767040 coclc a894.8123bTRI/V aTripathi, Amish aVayuputhranmarude Sapadham= The Oath of the Vayuputras /cAmish Tripathi a1st ed. aChennai:bEka,c2022. a570p.